000 01308nam0a22003131 4500
001 rc\61406
005 20260405201607.0
010 _a5-02-028011-9
_91200
035 _a(NLR Aleph) 005337118
090 _a6653662
_c6653662
100 _a20021216d1994 |||y0rusy50 ca
101 0 _arus
102 _aRU
105 _aa |||||||||
200 1 _aШелли
_fОтв. ред. В.Н. Шейнкер
_gРос. АН
210 _aСПб.
_cНаука. Санкт-Петербург. изд. фирма
_d1994
215 _a220, [3] с., [1] л. портр.
_d20
225 1 _aСерия "Литературоведение и языкознание"
320 _aБиблиогр. в примеч. в конце разделов
327 0 _aВ прил.: Шелли в русских переводах
464 0 _12001#$aШелли в русских переводах
_tШелли в русских переводах
600 1 _aШелли
_bП.Б.
_gПерси Биши
_2psbo
700 1 _4070
_8rus
_7ca
_aДьяконова
_bН. Я.
_f1915-2013
_gНина Яковлевна
_3RU\NLR\AUTH\7789134
_972062
701 1 _aЧамеев
_bА.А.
_gАлександр Анатольевич
801 0 _aRU
_bNLR
_gpsbo
801 1 _aRU
_bELAR
_2rusmarc
852 _aNLR
_j94-3/7072
942 _cBOOK
980 _aNB